Rzeczowniki zawierające literę Ó - Statystyki

Ogólne statystyki
  • Ten quiz został rozwiązany 12 razy
  • Średni wynik to 31 z 130
Statystyki odpowiedzi
Odpowiedź % Poprawnych
góra
82%
drób
73%
bóbr
64%
grób
64%
lód
64%
mrówka
64%
pióro
64%
wół
64%
ból
55%
dół
55%
król
55%
królik
55%
ogórek
55%
ołówek
55%
rów
55%
róż
55%
sól
55%
żółw
55%
królowa
45%
mózg
45%
nóż
45%
półka
45%
róg
45%
rój
45%
róża
45%
rózga
45%
wór
45%
żółć
45%
córka
36%
jaskółka
36%
kłódka
36%
lodówka
36%
łóżko
36%
ósemka
36%
parówka
36%
piórnik
36%
północ
36%
próba
36%
samochód
36%
słój
36%
stół
36%
wiór
36%
wróg
36%
żółtko
36%
bawół
27%
bójka
27%
chód
27%
dwór
27%
kółko
27%
krój
27%
łódka
27%
miód
27%
mróz
27%
pokój
27%
skóra
27%
trójka
27%
tułów
27%
wójt
27%
chór
18%
dochód
18%
dwójka
18%
głód
18%
góral
18%
komórka
18%
królestwo
18%
lokówka
18%
ogród
18%
równina
18%
różnica
18%
skrót
18%
stwór
18%
stwórca
18%
szóstka
18%
wiewiórka
18%
wróbel
18%
wróżka
18%
wschód
18%
wyrób
18%
wzór
18%
zachód
18%
zbiór
18%
gwóźdź
9%
kościół
9%
krzyżówka
9%
mrówkojad
9%
przepiórka
9%
rosół
9%
siódemka
9%
spóźnienie
9%
stróż
9%
sznurówka
9%
tchórz
9%
wspólnota
9%
żarówka
9%
zbiórka
9%
źródło
9%
chłód
0%
cudzysłów
0%
czołówka
0%
dziób
0%
kłótnia
0%
końcówka
0%
obrót
0%
otwór
0%
pagórek
0%
płótno
0%
podkolanówka
0%
podróż
0%
podwórze
0%
półrocze
0%
potwór
0%
powrót
0%
powtórka
0%
przewrót
0%
przód
0%
przyjaciółka
0%
równowaga
0%
samobójstwo
0%
sposób
0%
surówka
0%
szczegół
0%
temperówka
0%
trójkąt
0%
twaróg
0%
ubóstwo
0%
wieczór
0%
włóczka
0%
wrzód
0%
zawód
0%
zespół
0%
Nie znaleziono quizów pasujących do podanych kryteriów
Rozkład punktacji
Procent ludzi z każdym wynikiem
Percentyl według liczby udzielonych odpowiedzi
Twoja historia wyników
Nie rozwiązałeś tego quizu